[Event "White Nights Open"]
[Site "St Petersburg RUS"]
[Date "2008.06.27"]
[Round "7"]
[White "Fedoseev,S"]
[Black "Biriukov,O"]
[Result "0-1"]
[WhiteElo "2175"]
[BlackElo "2391"]

1.d4 Nf6 2.c4 e6 3.Nc3 Bb4 4.Nf3 c5 5.g3 O-O 6.Bg2 cxd4 7.Nxd4 d5 8.cxd5 Nxd5
9.Bd2 Nxc3 10.bxc3 Bc5 11.Nb3 Be7 12.O-O Nc6 13.c4 Qc7 14.c5 e5 15.Qc2 Be6
16.Rac1 Rac8 17.f4 Rfd8 18.e3 exf4 19.gxf4 Qd7 20.Be1 Bh3 21.Bc3 Bg4 22.Qf2 f5
23.Qg3 Bf8 24.h3 Bh5 25.e4 Qf7 26.Rfe1 fxe4 27.Bxe4 Bg6 28.f5 Bxf5 29.Rf1 Qg6
30.Qxg6 Bxg6 31.Bxg6 hxg6 32.Rf3 Rd5 33.Bb2 Re8 34.Kf1 Rf5 35.Rxf5 gxf5 36.Rd1 Rd8
37.Re1 Kf7 38.Kg2 Be7 39.Kf3 Rd3+ 40.Re3 Rxe3+ 41.Kxe3 g5 42.Kd3 Kg6 43.Ke2 Bf6
44.Ba3 Kf7 45.Kd3 Ke6 46.Kc4 g4 47.hxg4 fxg4 48.Kd3 Kd5 49.Ke3 Bg5+ 50.Kf2 Bf4
51.Nc1 Bxc1 52.Bxc1 Nb4 53.Be3 a6 54.Kg3 Nxa2 55.Kxg4 Nb4 56.Kf3 Nd3 57.Ke2 Nxc5
58.Kd2 Kc4 59.Kc2 b5 60.Bd2 b4 61.Kb2 a5 62.Bg5 Na4+ 63.Ka1 Kb3 64.Bd8 Kc2
65.Bf6 Nc3 66.Be7 Nb5 67.Bc5 Na3 68.Bb6 Nc4 69.Bc5 b3 70.Bd4 b2+  0-1

[Event "Duras IM Dopravni"]
[Site "Brno CZE"]
[Date "2008.06.28"]
[Round "2"]
[White "Murdzia,P"]
[Black "Narayanan,Sr"]
[Result "0-1"]
[WhiteElo "2471"]
[BlackElo "2220"]

1.d4 Nf6 2.c4 e6 3.Nc3 Bb4 4.Nf3 c5 5.g3 cxd4 6.Nxd4 O-O 7.Bg2 d5 8.cxd5 Nxd5
9.Qb3 Qb6 10.Bxd5 exd5 11.Be3 Bxc3+ 12.Qxc3 Qa6 13.Rc1 Bd7 14.Qc7 Bh3 15.g4 Nc6
16.Nxc6 bxc6 17.Qg3 Rae8 18.Rc2 d4 19.Bxd4 Qxa2 20.Be3 Qa4 21.Kd1 Rd8+ 22.Bd2 Rxd2+
23.Kxd2 Rd8+ 24.Kc3 c5  0-1

[Event "ChInt Open"]
[Site "Paris FRA"]
[Date "2008.06.28"]
[Round "1"]
[White "Tarasova,Viktoriy"]
[Black "Kosteniuk,A"]
[Result "0-1"]
[WhiteElo "2276"]
[BlackElo "2523"]

1.d4 Nf6 2.c4 e6 3.Nc3 Bb4 4.Nf3 c5 5.g3 cxd4 6.Nxd4 Ne4 7.Qd3 Qa5 8.Nb3 Nxc3
9.Bd2 Ne4 10.Qxe4 Bxd2+ 11.Nxd2 O-O 12.Bg2 Nc6 13.a3 Rd8 14.Qd3 Qe5 15.Rb1 d5
16.c5 Qh5 17.f4 e5 18.Bf3 Qh3 19.Bxd5 exf4 20.Ne4 Bf5 21.Qb3 Nd4 22.Qc4 Nc2+
23.Qxc2 Rxd5 24.Rf1 Re8 25.Rxf4 Qg2  0-1

[Event "TCh-TUR"]
[Site "Kocaeli TUR"]
[Date "2008.07.01"]
[Round "13"]
[White "Citak,S"]
[Black "Safarli,E"]
[Result "1-0"]
[WhiteElo "2323"]
[BlackElo "2524"]

1.d4 Nf6 2.c4 e6 3.Nc3 Bb4 4.Nf3 b6 5.Bg5 Bb7 6.e3 h6 7.Bh4 Bxc3+ 8.bxc3 d6
9.Nd2 Nbd7 10.f3 Qe7 11.Qa4 c5 12.Be2 O-O 13.e4 Rfe8 14.O-O cxd4 15.cxd4 e5
16.Nb3 Nf8 17.Rfd1 Ne6 18.Bf2 Rec8 19.Rac1 a5 20.Qa3 Qc7 21.dxe5 dxe5 22.Qb2 Nd7
23.Na1 Bc6 24.Nc2 Ba4 25.Rd2 Bxc2 26.Qxc2 Ndc5 27.g3 Na6 28.Qb2 Nec5 29.Rcd1 Nb4
30.a3 Nba6 31.Bf1 Re8 32.Qb5 Re6 33.Bh3 Rf6 34.Kg2 Qe7 35.Bg4 Kh7 36.h4 Qb7
37.h5 Qc7 38.Bf5+ Kg8 39.g4 g5 40.hxg6 fxg6 41.Bh4 g5 42.Bg3 Qe7 43.Rd7 Qe8
44.R7d6 Qe7 45.Rxb6 Raf8 46.Rxf6 Qxf6 47.Qxa5 Qe7 48.Rd5 Qb7 49.Rxc5 Qb2+
50.Bf2 Nxc5 51.Qxc5 Rd8 52.Qe7  1-0

[Event "IV Open"]
[Site "Sort ESP"]
[Date "2008.07.01"]
[Round "9"]
[White "Gupta,Ab"]
[Black "Ibrahimov,R"]
[Result "0-1"]
[WhiteElo "2521"]
[BlackElo "2535"]

1.d4 Nf6 2.c4 e6 3.Nc3 Bb4 4.Nf3 c5 5.g3 Ne4 6.Bd2 Nxd2 7.Qxd2 cxd4 8.Nxd4 O-O
9.Bg2 Qc7 10.a3 Be7 11.Rc1 a6 12.O-O d6 13.Rfd1 Nd7 14.Qe3 Nf6 15.h3 Re8
16.g4 h6 17.f4 e5 18.Nf3 exf4 19.Qxf4 Be6 20.Kh1 Qb6 21.b4 Rac8 22.Rd4 a5
23.Rb1 axb4 24.axb4 Qa6 25.Nb5 Bxc4 26.Nxd6 Bxd6 27.Rxd6 Qa2 28.Rc1 Rxe2
29.Nh4 b5 30.Rcd1 Be6 31.Rd8+ Rxd8 32.Rxd8+ Kh7 33.Qb8 Qa1+ 34.Kh2 Qe5+ 35.Qxe5 Rxe5
36.Nf3 Re2 37.Kg1 Rb2 38.g5 Nh5 39.Rd4 Ng3 40.Rh4 Nf5 41.Re4 Bc4 42.h4 hxg5
43.Nxg5+ Kg6 44.Nf3 Rxb4 45.Ne5+ Kh7 46.Rf4 g6 47.h5 Rb1+ 48.Kh2 Rb2 49.Kg1 Rb1+
50.Kh2 Rb2 51.Kg1 Be6 52.Bh3 Rb1+ 53.Kh2 Rb2+ 54.Kg1 Kh6 55.hxg6 fxg6 56.Re4  0-1

[Event "XII Izmailov Mem"]
[Site "Tomsk RUS"]
[Date "2008.07.02"]
[Round "8"]
[White "Bulchaev,N"]
[Black "Shevtchenko,O"]
[Result "1-0"]
[WhiteElo "2032"]
[BlackElo "2061"]

1.d4 Nf6 2.c4 e6 3.Nc3 Bb4 4.Nf3 c5 5.d5 Bxc3+ 6.bxc3 Qa5 7.Qd3 h6 8.Bd2 O-O
9.e4 d6 10.Be2 e5 11.O-O b6 12.Nh4 Qa4 13.f4 Nbd7 14.Nf5 exf4 15.Bxf4 Ne5
16.Bxe5 dxe5 17.Nxh6+ Kh7 18.Nf5 Bxf5 19.Rxf5 Qe8 20.Raf1 Rh8 21.Qg3 Nxe4
22.Qh4+ Kg8 23.Qxe4 f6 24.d6 Qd8 25.Rxf6  1-0

[Event "World Open"]
[Site "Philadelphia USA"]
[Date "2008.07.03"]
[Round "2"]
[White "Mohota,N"]
[Black "Homa,S"]
[Result "1/2-1/2"]
[WhiteElo "2354"]
[BlackElo "2243"]

1.d4 Nf6 2.c4 e6 3.Nc3 Bb4 4.Nf3 c5 5.g3 cxd4 6.Nxd4 Ne4 7.Qd3 Qa5 8.Bd2 Bxc3
9.bxc3 Nxd2 10.Qxd2 O-O 11.Bg2 Nc6 12.Nb3 Qc7 13.c5 b6 14.Rd1 Rd8 15.Qd6 Qxd6
16.Rxd6 Bb7 17.O-O Kf8 18.f4 Ke7 19.Rfd1 Rab8 20.Kf2 Ba8 21.c4 Ke8 22.R1d2 Rbc8
23.cxb6 axb6 24.Bxc6 Rxc6 25.Rxc6 Bxc6 26.Nd4 Ra8 27.Rb2 Ra6 28.Ke3 Ke7 29.Kd3 Kd6
30.Kc3 h6 31.Kb4 Ra4+ 32.Kb3 Ra5 33.Kc3 Ra3+ 34.Kb4 Ra4+  1/2-1/2

[Event "World Open"]
[Site "Philadelphia USA"]
[Date "2008.07.03"]
[Round "2"]
[White "Moiseenko,A1"]
[Black "Hess,Ro"]
[Result "1/2-1/2"]
[WhiteElo "2632"]
[BlackElo "2484"]

1.d4 Nf6 2.c4 e6 3.Nc3 Bb4 4.Nf3 c5 5.g3 cxd4 6.Nxd4 Ne4 7.Qd3 Bxc3+ 8.bxc3 Nc5
9.Qe3 b6 10.Bg2 Bb7 11.Bxb7 Nxb7 12.Ba3 Na6 13.Nf5 Qf6 14.Nd6+ Nxd6 15.Bxd6 Rc8
16.Rd1 Rxc4 17.Rd4 Rxd4 18.cxd4 Qf5 19.O-O f6 20.Qa3 Qb5 21.Rc1 Kf7 22.e4 Rd8
23.e5 f5 24.Qf3 Qd5 25.Qxd5 exd5 26.Rc3 Nb8 27.Bxb8 Rxb8 28.Rc7 Ke7 29.Rxa7 Rc8
30.Rb7 Rc4 31.Rxb6 Rxd4 32.Ra6 Re4 33.f4 d4 34.Rd6 Re1+ 35.Kf2 Rh1 36.h4 Rh2+
37.Kf3 Rxa2 38.Rxd4 Ra3+ 39.Kg2 Rb3 40.Rd6 Ra3 41.h5 Ra2+ 42.Kh3 Ra1 43.Kg2 Ra2+
44.Kh3 Ra1 45.Kg2  1/2-1/2

[Event "7th Open"]
[Site "La Fere FRA"]
[Date "2008.07.07"]
[Round "4"]
[White "Jimenez,Mart"]
[Black "Godart,F"]
[Result "0-1"]
[WhiteElo "1750"]
[BlackElo "1985"]

1.d4 Nf6 2.c4 e6 3.Nc3 Bb4 4.Nf3 O-O 5.e3 b6 6.Bd3 Bb7 7.O-O d6 8.Bd2 Nbd7
9.a3 Bxc3 10.Bxc3 Ne4 11.Re1 f5 12.Nd2 Nxc3 13.bxc3 Rf6 14.Be2 Rh6 15.Bf3 d5
16.cxd5 exd5 17.c4 Nf6 18.Qb3 Ne4 19.Nf1 Kh8 20.Rac1 g5 21.Ng3 g4 22.Bxe4 fxe4
23.Nf5 Rg6 24.Qb4 Qg5 25.Ng3 Rh6 26.cxd5 Qh4 27.Rxc7 Qxh2+ 28.Kf1 Ba6+ 29.Rc4 Rc8
30.Rc1 Rf6 31.Nxe4 Qh1+ 32.Ke2 Qxc1  0-1

[Event "Maestro Open"]
[Site "Berdsk RUS"]
[Date "2008.07.08"]
[Round "1"]
[White "Zatsepin,V"]
[Black "Zenzera,A"]
[Result "0-1"]
[WhiteElo "1974"]
[BlackElo "2002"]

1.d4 Nf6 2.c4 e6 3.Nc3 Bb4 4.Nf3 O-O 5.e3 b6 6.Be2 d6 7.O-O c5 8.a3 Bxc3
9.bxc3 Bb7 10.Qc2 Ne4 11.Nd2 Nxd2 12.Bxd2 f5 13.f4 Nd7 14.Bf3 Qc8 15.d5 e5
16.e4 Ba6 17.Be2 fxe4 18.fxe5 Nxe5 19.Qxe4 Qd7 20.a4 Rxf1+ 21.Bxf1 Re8 22.Qh4 Qf5
23.a5 Bc8 24.axb6 axb6 25.Ra7 Ng4 26.Qg3 Rf8 27.Bd3 Qe5 28.Qh4 Bf5 29.Bxf5 Qxf5
30.Qe1 Ne5  0-1

[Event "XVII Burgas Open"]
[Site "Ourense ESP"]
[Date "2008.07.11"]
[Round "9"]
[White "Petkov,V"]
[Black "Rivas Pastor,M"]
[Result "1/2-1/2"]
[WhiteElo "2423"]
[BlackElo "2508"]

1.d4 Nf6 2.c4 e6 3.Nc3 Bb4 4.Nf3 b6 5.Bg5 h6 6.Bh4 Bxc3+ 7.bxc3 d6 8.Nd2 Nc6
9.e3 Bb7 10.Bd3 Qe7 11.f4 O-O-O 12.O-O Rdg8 13.Bxf6 gxf6 14.Be4 f5 15.Bf3 Rg6
16.Qa4 Rhg8 17.Rf2 Qd7 18.c5 dxc5 19.dxc5 e5 20.Rd1 Qe7 21.Nb3 Rd8 22.Rxd8+ Qxd8
23.Qc4 Qe7 24.Rd2 exf4 25.Qxf4 Qg5 26.Kf2 Qxf4 27.exf4 Ne7 28.Bxb7+ Kxb7
29.Rd7 Re6 30.Rd8 Re4 31.g3 Ra4 32.Rd2  1/2-1/2

[Event "FSGM July"]
[Site "Budapest HUN"]
[Date "2008.07.12"]
[Round "8"]
[White "Varga,Zo"]
[Black "Fogarasi,T"]
[Result "1/2-1/2"]
[WhiteElo "2479"]
[BlackElo "2429"]

1.d4 Nf6 2.c4 e6 3.Nc3 Bb4 4.Nf3 c5 5.g3 Nc6 6.Bg2 d5 7.cxd5 Nxd5 8.Bd2 cxd4
9.Nxd4 Nxd4 10.Nxd5 Bxd2+ 11.Qxd2 Nc6 12.Nf4 Qxd2+ 13.Kxd2 Bd7 14.Rhc1 Ke7
15.Nd3 Rhc8 16.Nc5 b6 17.Nxd7 Kxd7 18.Rc2 Rc7 19.Rd1 Rac8 20.Ke1+ Ke7 21.Rdc1 Kd6
22.Rd1+ Ke7 23.Rdc1  1/2-1/2

[Event "Kings Gambit A"]
[Site "Lipetsk RUS"]
[Date "2008.07.15"]
[Round "7"]
[White "Romanko,M"]
[Black "Grekh,A"]
[Result "0-1"]
[WhiteElo "2374"]
[BlackElo "2362"]

1.d4 Nf6 2.c4 e6 3.Nc3 Bb4 4.Nf3 b6 5.Bg5 h6 6.Bh4 g5 7.Bg3 Ne4 8.Qd3 Bb7
9.Be5 Rg8 10.d5 Bxc3+ 11.bxc3 f5 12.g4 d6 13.gxf5 Nc5 14.Qe3 dxe5 15.Nxe5 Nbd7
16.fxe6 Nxe5 17.Qxe5 Qd6 18.Qxd6 cxd6 19.f3 Ke7 20.e3 g4 21.f4 Nxe6 22.Bd3 Nc5
23.Kd2 Nxd3 24.Kxd3 Ba6 25.Rab1 Rac8 26.Rb4 Rxc4 27.Rxc4 Rc8 28.Rg1 h5  0-1

[Event "XIII Open"]
[Site "Balaguer ESP"]
[Date "2008.07.17"]
[Round "4"]
[White "Gupta,Ab"]
[Black "Garcia Vicente,N"]
[Result "1/2-1/2"]
[WhiteElo "2551"]
[BlackElo "2214"]

1.d4 Nf6 2.c4 e6 3.Nc3 Bb4 4.Nf3 d5 5.cxd5 exd5 6.Bg5 h6 7.Bh4 g5 8.Bg3 Ne4
9.Nd2 Nxc3 10.bxc3 Bxc3 11.Rc1 Bb2 12.Bxc7 Qd7 13.Rb1 Bc3 14.Be5 f6 15.Bxb8 Rxb8
16.e3 O-O 17.Bd3 Qg4 18.Qxg4 Bxg4 19.h4 Kg7 20.Rb3 Rfc8 21.f3 Bd7 22.Ke2 b5
23.Rbb1 Rb6 24.hxg5 fxg5 25.Rhc1 b4 26.Nb3 Re8 27.Nc5 Bc6 28.Na6 Bxd4 29.Nxb4 Rxe3+
30.Kd2 Re6 31.Rxc6 Be3+ 32.Ke2 Rbxc6 33.Nxc6 Bb6+ 34.Kd2 Rxc6 35.Rb5 Rc5
36.Rxc5  1/2-1/2

[Event "19th Czech Open Synthesia Rapid"]
[Site "Pardubice CZE"]
[Date "2008.07.17"]
[Round "8"]
[White "Stocek,J"]
[Black "Arutinian,D"]
[Result "1/2-1/2"]
[WhiteElo "2559"]
[BlackElo "2586"]

1.d4 Nf6 2.c4 e6 3.Nc3 Bb4 4.Nf3 d5 5.e3 O-O 6.Bd3 c5 7.O-O cxd4 8.exd4 dxc4
9.Bxc4 b6 10.Re1 Bb7 11.Qe2 Bxc3 12.bxc3 Nbd7 13.Bd3 Qc7 14.c4 Rfe8 15.Bb2 h6
16.h3 Rac8 17.Rad1 Qc6 18.Qe3 Qa4 19.a3 Rxc4 20.Bxc4 Qxc4 21.d5 Nxd5 22.Qd4 Qxd4
23.Nxd4 Rd8 24.Nb5 a6 25.Nd6 Ba8 26.Bd4 Nb8 27.Nc4 Nd7 28.Nxb6 N7xb6 29.Bxb6 Rb8
30.Bd4 Bc6 31.Rb1 Rb5 32.Rec1 Bd7 33.Rxb5 axb5 34.f3 f6 35.Kf2 Kf7 36.Bc5 h5
37.Rd1 Bc6 38.Bb4 e5 39.Rc1 Bd7 40.h4 Ke6 41.g3 Kf7 42.Ke2 Ke6 43.Kd3 Kf7
44.Ke4 Ke6 45.f4 g6 46.Rc5 exf4 47.gxf4 Ne7 48.Rc7 Nf5 49.Be1 Kd6 50.Ra7 Bc6+
51.Kd3 Ke6 52.Bf2 Bg2 53.Ra6+ Kf7 54.Kc3 Bf1 55.Kb4 Kg7 56.Rb6 g5 57.fxg5 fxg5
58.hxg5 h4 59.Rf6 Bd3 60.Kc5 h3 61.Bg1 Kg8 62.Bh2 Be4 63.Be5 Nh4 64.Kd4 Bg2
65.Ke3 Bd5 66.Kf2 Be4 67.Rh6 Ng6 68.Bd6 Bf5 69.Kg3 Kf7 70.Rh7+ Ke6 71.Bc5 Kd5
72.Bg1 Ne5 73.Rb7 Kc4 74.Rc7+ Kd3 75.Rc5 Ke4 76.Rxb5 Nd3 77.a4 Bd7 78.Rb7 Bxa4
79.Kxh3 Bd1 80.Kh4 Nf4 81.Rb4+ Kf5 82.Rb5+ Ke4 83.Kg3 Nh5+ 84.Kf2 Nf4 85.Bh2 Ng6
86.Rb6 Kf5 87.Rb5+ Kg4 88.Ke3 Bc2 89.Bc7 Bf5 90.Bd8 Bc2 91.Bf6 Bf5 92.Rb4+ Kh5
93.Bd8 Bc2 94.Kf3 Nh4+ 95.Kf4 Ng6+ 96.Kg3 Ne5 97.Rh4+ Kg6 98.Rh6+ Kf5 99.Rf6+ Ke4
100.g6 Bb3 101.g7 Nd7 102.Rf8 Kd4 103.g8=Q Bxg8 104.Rxg8 Kd5 105.Rg6 Nc5
106.Be7 Ne4+ 107.Kf4 Nc3 108.Rd6+ Kc4 109.Ke5 Nb5 110.Rc6+ Kb3 111.Bc5 Nc3
112.Bd4 Nb5 113.Kd5 Kb4 114.Rb6 Ka4 115.Kc5 Na3 116.Bc3 Nb5 117.Bb4 Kb3 118.Rxb5 Kc2  1/2-1/2

[Event "19th Czech Chladek & Tintera A Open"]
[Site "Pardubice CZE"]
[Date "2008.07.20"]
[Round "3"]
[White "Tikkanen,H"]
[Black "Babula,V"]
[Result "0-1"]
[WhiteElo "2417"]
[BlackElo "2597"]

1.d4 Nf6 2.c4 e6 3.Nc3 Bb4 4.Nf3 c5 5.g3 Nc6 6.Bg2 Ne4 7.Bd2 Bxc3 8.bxc3 O-O
9.O-O Na5 10.Bf4 d5 11.cxd5 Nxc3 12.Qe1 cxd4 13.Bd2 Nc4 14.Bxc3 dxc3 15.Qxc3 exd5
16.Rfd1 Be6 17.e4 Nb6 18.Nh4 Rc8 19.Qb2 Na4 20.Qb3 Nc3 21.exd5 Nxd1 22.dxe6 Nc3
23.exf7+ Rxf7 24.Bh3 Ne2+ 25.Kh1 Nd4 26.Qd3 Nc2 27.Rd1 Qxd3 28.Rxd3 Re8 29.Nf5 Re5
30.Rd2 Nb4 31.Nd6 Rc7 32.Rd4 a5 33.a4 Na6 34.Bf1 g6 35.Bc4+ Kg7 36.Bb5 Rce7
37.Nxb7 Rxb7 38.Bxa6 Rb2 39.Rd7+ Kf8 40.Kg1 Rf5 41.Rxh7 Rfxf2 42.Rh4 Rg2+
43.Kh1 Kg7 44.Bf1 Rgd2 45.Kg1 Rb4 46.Rc4 Ra2 47.Rc6 Rbxa4 48.Bd3 Rd4 49.Rxg6+ Kf7  0-1

[Event "19th Czech Chladek & Tintera A Open"]
[Site "Pardubice CZE"]
[Date "2008.07.20"]
[Round "3"]
[White "Pinchuk,S"]
[Black "Gajewski,G"]
[Result "1/2-1/2"]
[WhiteElo "2413"]
[BlackElo "2575"]

1.d4 Nf6 2.c4 e6 3.Nc3 Bb4 4.Nf3 b6 5.e3 Bb7 6.Bd3 Ne4 7.O-O Bxc3 8.bxc3 f5
9.Nd2 Qg5 10.f4 Qg6 11.Bxe4 Bxe4 12.Nxe4 fxe4 13.Ba3 Nc6 14.Qa4 Qh5 15.f5 exf5
16.Qa6 Rb8 17.d5 Ne5 18.Qxa7 Rc8 19.c5 b5 20.c6 d6 21.Bxd6 cxd6 22.Qxg7 Rf8
23.Qb7 Kd8 24.a4 bxa4 25.Rxa4 Rg8 26.Ra8 Nf3+ 27.Rxf3 Rxg2+ 28.Kxg2 Qxf3+
29.Kg1 Qxe3+ 30.Kg2 Qf3+  1/2-1/2

[Event "XXVI Andorra Open"]
[Site "La Massana AND"]
[Date "2008.07.21"]
[Round "3"]
[White "Serna Lara,S"]
[Black "Garcia Roman,D"]
[Result "1/2-1/2"]
[WhiteElo "2247"]
[BlackElo "2428"]

1.d4 e6 2.c4 Nf6 3.Nc3 Bb4 4.Nf3 c5 5.g3 O-O 6.Bg2 cxd4 7.Nxd4 d5 8.cxd5 Nxd5
9.Qb3 Nc6 10.Nxc6 bxc6 11.O-O Qa5 12.Bd2 Bxc3 13.Bxc3 Nxc3 14.bxc3 Ba6  1/2-1/2

[Event "31st Taminco Open"]
[Site "Ghent BEL"]
[Date "2008.07.22"]
[Round "7"]
[White "Ward,C"]
[Black "Noiroux,K"]
[Result "1-0"]
[WhiteElo "2431"]
[BlackElo "2140"]

1.d4 Nf6 2.c4 e6 3.Nc3 Bb4 4.Nf3 c5 5.d5 exd5 6.cxd5 Bxc3+ 7.bxc3 Qa5 8.Bb2 c4
9.e4 Nxe4 10.Qd4 Nf6 11.Bxc4 O-O 12.O-O d6 13.Bb3 Nbd7 14.c4 b5 15.cxb5 Qxb5
16.Qf4 Bb7 17.Qg3 Qe2 18.Rab1 Rab8 19.Rfe1 Qd3 20.Rbd1 Qg6 21.Qxd6 Rfd8 22.Ne5 Nxe5
23.Qxe5 Re8 24.Qd4 h6 25.f3 Bxd5 26.Rxe8+ Rxe8 27.Bxd5 Nxd5 28.Qxg7+ Qxg7
29.Bxg7 Ne3 30.Re1 Kxg7 31.Kf2 Rb8 32.Rxe3 Rb2+ 33.Re2 Rb1 34.Ke3 Kf6 35.Rc2 Kg7
36.h4 Rb4 37.h5 Rb5 38.g4 Rb4 39.f4 Rb5 40.Rc4 a5 41.Ra4 Rd5 42.Ke4 Rb5 43.Kd4 Kf6
44.Kc4 Rb2 45.Rxa5 Rf2 46.Rf5+ Ke6 47.a4 Rg2 48.Re5+ Kf6 49.g5+ hxg5 50.Rxg5 Rf2
51.Rg4 Rh2  1-0

[Event "19th Czech Chladek & Tintera A Open"]
[Site "Pardubice CZE"]
[Date "2008.07.22"]
[Round "5"]
[White "Przezdziecka,M"]
[Black "Kulhanek,T"]
[Result "1/2-1/2"]
[WhiteElo "2281"]
[BlackElo "2398"]

1.d4 Nf6 2.Nf3 e6 3.c4 Bb4+ 4.Nc3 c5 5.e3 O-O 6.Bd3 d5 7.O-O Nc6 8.a3 Bxc3
9.bxc3 dxc4 10.Bxc4 Qc7 11.Qe2 e5 12.d5 e4 13.dxc6 Bg4 14.Qb2 exf3 15.Qxb7 Qe5
16.c7 Rac8 17.g3 Rxc7 18.Qb3 Rd7 19.e4 Bh3 20.Re1 Ng4 21.Bf4 Qh5 22.e5 Nxh2
23.e6 Bxe6 24.Bxe6 Ng4 25.Bxg4 Qxg4 26.c4 g5 27.Bxg5 Qxg5 28.Qxf3 Rd4 29.Rad1 Rfd8
30.Rxd4 cxd4 31.Qd3 Qg6 32.Rd1 Qxd3 33.Rxd3 f5 34.Kg2 Kf7 35.Kf3 Ke6 36.Kf4 h5
37.a4  1/2-1/2

[Event "XIII Open"]
[Site "Balaguer ESP"]
[Date "2008.07.23"]
[Round "10"]
[White "Gupta,Ab"]
[Black "Bruned,Y"]
[Result "1-0"]
[WhiteElo "2551"]
[BlackElo "2383"]

1.d4 Nf6 2.c4 e6 3.Nc3 Bb4 4.Nf3 b6 5.Bg5 Bb7 6.Nd2 h6 7.Bh4 Nc6 8.e3 Ne7
9.Bxf6 gxf6 10.Qb3 a5 11.a3 Bxc3 12.Qxc3 Rg8 13.f3 d6 14.O-O-O Qd7 15.g3 O-O-O
16.Bh3 Kb8 17.d5 f5 18.e4 h5 19.Rhe1 Nc8 20.exf5 exd5 21.cxd5 Bxd5 22.Ne4 Bxe4
23.fxe4 Qe7 24.Rd5 f6 25.Bg2 Na7 26.Qb3 Nc6 27.Kb1 Qf7 28.Rc1 Ne5 29.Bf1 Kb7
30.Qb5 Ra8 31.Rxe5 dxe5 32.Qc6+ Ka7 33.Bc4 Qe7 34.Bd5 Rab8 35.Qxc7+ Qxc7
36.Rxc7+ Ka6 37.Bc4+ b5 38.Bxg8 Rxg8 39.Rc6+ Kb7 40.Rxf6 Rg4 41.Kc2 Rxe4
42.Kd3 Re1 43.Re6 Kc7 44.f6 b4 45.axb4 axb4 46.f7 Rf1 47.Rxe5 Rxf7 48.Rxh5 Rf3+
49.Kc4 b3 50.Kb4 Kd6 51.Ka3 Ke6 52.Rg5 Kf6 53.h4 Rd3 54.Rg8 Kf7 55.Rg4 Kf6
56.h5 Rd5 57.h6 Rh5 58.Rh4 Rxh4 59.gxh4 Kg6 60.Kxb3  1-0

[Event "XXVI Andorra Open"]
[Site "La Massana AND"]
[Date "2008.07.24"]
[Round "6"]
[White "Colls Gelaberto,E"]
[Black "Vehi Bach,V"]
[Result "0-1"]
[WhiteElo "2203"]
[BlackElo "2411"]

1.d4 Nf6 2.c4 e6 3.Nf3 Bb4+ 4.Nc3 c5 5.g3 O-O 6.Bg2 Ne4 7.Qd3 cxd4 8.Nxd4 Nxc3
9.bxc3 Be7 10.Nb5 Nc6 11.O-O a6 12.Nd6 Ne5 13.Qd4 Bxd6 14.Qxd6 Nxc4 15.Qd4 Qc7
16.e4 d6 17.f4 Bd7 18.Rd1 Ba4 19.Re1 Rac8 20.Bf1 e5 21.Qxc4 Qxc4 22.Bxc4 Rxc4
23.Re3 exf4 24.gxf4 Re8 25.Ba3 Rcxe4 26.Rxe4 Rxe4 27.Bxd6 Re2 28.f5 h5 29.a3 Bc6
30.Bg3 Rg2+ 31.Kf1 h4 32.Bf4 Rc2 33.Rc1 Ra2 34.f6 g5 35.Bxg5 Rxh2 36.Re1 h3
37.Bf4 Rc2 38.Re3 h2 39.Rg3+ Kf8 40.Bd6+ Ke8 41.Re3+ Kd8  0-1

[Event "19th Czech Chladek & Tintera A Open"]
[Site "Pardubice CZE"]
[Date "2008.07.24"]
[Round "7"]
[White "Mamedjarova,T"]
[Black "Kulhanek,T"]
[Result "1/2-1/2"]
[WhiteElo "2284"]
[BlackElo "2398"]

1.d4 Nf6 2.Nf3 e6 3.c4 Bb4+ 4.Nc3 c5 5.e3 O-O 6.Bd3 d6 7.O-O Bxc3 8.bxc3 Nc6
9.e4 e5 10.d5 Ne7 11.Nh4 Ng6 12.Nf5 Re8 13.Qf3 Bxf5 14.Qxf5 Qd7 15.Qf3 Qg4
16.Qxg4 Nxg4 17.g3 Nf6 18.Bg5 Nd7 19.Rfb1 Rab8 20.Rb2 f6 21.Bd2 Re7 22.a4 Kf8
23.Rab1 Nb6 24.a5  1/2-1/2

[Event "41st Festival MTO"]
[Site "Biel SUI"]
[Date "2008.07.25"]
[Round "5"]
[White "Cebalo,M"]
[Black "Meier,V"]
[Result "1-0"]
[WhiteElo "2523"]
[BlackElo "2276"]

1.d4 Nf6 2.c4 e6 3.Nc3 Bb4 4.Nf3 b6 5.Qb3 a5 6.g3 Bb7 7.Bg2 d6 8.O-O Bxc3
9.Qxc3 Nbd7 10.b3 O-O 11.Bb2 Ne4 12.Qc2 f5 13.Rad1 g6 14.d5 e5 15.Ne1 Ndf6
16.Nd3 Qe7 17.e3 h5 18.f3 Nc5 19.Nf2 c6 20.f4 e4 21.dxc6 Bxc6 22.Rd2 Rad8
23.Rfd1 Kh7 24.Qc3 d5 25.Bf1 Rd7 26.Qe5 Qd8 27.cxd5 Rxd5 28.Bc4 Rxd2 29.Rxd2 Ncd7
30.Qe6 b5 31.Qxc6 bxc4 32.Bxf6 Qxf6 33.Rxd7+ Kh6 34.Qxf6 Rxf6 35.Nh3  1-0

[Event "III Open"]
[Site "Oviedo ESP"]
[Date "2008.07.27"]
[Round "5"]
[White "Martinez Rodriguez,Ez"]
[Black "Lobo Rodriguez,J"]
[Result "0-1"]
[WhiteElo "1842"]
[BlackElo "2171"]

1.d4 Nf6 2.c4 e6 3.Nc3 Bb4 4.Nf3 c5 5.Bg5 Qa5 6.Qd3 Ne4 7.Qxe4 Bxc3+ 8.Bd2 Bxd2+
9.Nxd2 cxd4 10.Qxd4 O-O 11.e4 Nc6 12.Qd3 d5 13.Qc3 Qxc3 14.bxc3 dxe4 15.Nxe4 b6
16.c5 f5 17.Bb5 Ne5 18.Nd6 bxc5 19.Nxc8 Raxc8 20.f4 Rb8 21.a4 Ng6 22.O-O Rfd8
23.g3 Rb6 24.Rfd1 Rbd6 25.Rxd6 Rxd6 26.Re1 Kf7 27.Bc4 Ne7 28.Re5 Nd5 29.Kf1 Kf6
30.Ke1 Nxc3 31.Kf2 Nxa4 32.Re2 Nc3 33.Rc2 Ne4+ 34.Ke3 Rd4 35.Bd3 a5 36.g4 a4
37.g5+ Ke7 38.h4 g6 39.Bc4 a3 40.h5 gxh5 41.Rc1 Nd6 42.Ba2 Re4+ 43.Kf3 Nb5
44.Rxc5 Nd4+ 45.Kg3 Ne2+ 46.Kf3 Nd4+ 47.Kg3 h4+ 48.Kh3 Re2 49.Bc4 Kd6 50.Ra5 Rc2
51.Ra6+ Kd7 52.Ra7+ Kc6 53.Bxe6 Nxe6 54.Rxa3 Nxf4+ 55.Kxh4 Rh2+  0-1

[Event "41st Festival MTO"]
[Site "Biel SUI"]
[Date "2008.08.01"]
[Round "11"]
[White "Huhndorf,A"]
[Black "Ramesh,R"]
[Result "0-1"]
[WhiteElo "2285"]
[BlackElo "2478"]

1.d4 Nf6 2.c4 e6 3.Nc3 Bb4 4.Nf3 d5 5.cxd5 exd5 6.Qa4+ Nc6 7.Bg5 h6 8.Bxf6 Qxf6
9.e3 O-O 10.Be2 Rd8 11.O-O Bf8 12.Rfc1 a6 13.Qd1 Be6 14.Na4 Bd6 15.Nc5 Bc8
16.Rc3 Ne7 17.b4 g5 18.Rac1 Nf5 19.Ne5 Qe7 20.Bh5 Bxe5 21.dxe5 c6 22.f4 a5
23.Rd3 axb4 24.e4 Ng7 25.exd5 Rxd5 26.Rxd5 cxd5 27.Bf3 Be6 28.Qb3 gxf4 29.Bxd5 Rc8  0-1

[Event "17th Open"]
[Site "Martigny SUI"]
[Date "2008.08.02"]
[Round "2"]
[White "Bratanov,Z"]
[Black "Perruchoud,P"]
[Result "1-0"]
[WhiteElo "2446"]
[BlackElo "2121"]

1.d4 Nf6 2.c4 e6 3.Nc3 Bb4 4.Nf3 O-O 5.Bg5 d5 6.a3 Bxc3+ 7.bxc3 Nbd7 8.e3 c6
9.Bd3 Qa5 10.Qc2 h6 11.Bf4 dxc4 12.Bxc4 Re8 13.O-O Nd5 14.Bd6 c5 15.e4 Ne7
16.Rfb1 a6 17.a4 b6 18.d5 exd5 19.exd5 Ng6 20.Bc7 Bb7 21.Nd2  1-0

[Event "5th Open"]
[Site "Kalamaria GRE"]
[Date "2008.08.03"]
[Round "2"]
[White "Oreopoulos,K"]
[Black "Jankovic,A"]
[Result "1-0"]
[WhiteElo "2284"]
[BlackElo "2532"]

1.d4 Nf6 2.c4 e6 3.Nc3 Bb4 4.Nf3 b6 5.g3 Ba6 6.Qb3 c5 7.a3 Bxc3+ 8.Qxc3 cxd4
9.Nxd4 d5 10.Nb5 O-O 11.Bg2 Nbd7 12.a4 Bb7 13.O-O Nc5 14.Rd1 a6 15.Nd4 e5
16.Nf3 d4 17.Qa3 Qc7 18.a5 Nfd7 19.Bd2 Ne4 20.axb6 Qxc4 21.Ng5 Qxe2 22.Nxe4 Bxe4
23.Re1 Qxd2 24.Bxe4 Rab8 25.b7 Nf6 26.Bg2 Ng4 27.Qf3 f5 28.h3 Nf6 29.Qb3+ Kh8
30.Rxe5 Ne4 31.Qf3 Qxb2 32.Re1 Qc3 33.Rd1 Rxb7 34.Qxf5 Rbb8 35.Qxe4 Rbd8
36.Rd5 Qb3 37.Qxd4 Rxd5 38.Qxd5  1-0

[Event "IMB Proclient Cup"]
[Site "Olomouc CZE"]
[Date "2008.08.03"]
[Round "7"]
[White "Tikkanen,H"]
[Black "Cernin,R"]
[Result "1/2-1/2"]
[WhiteElo "2417"]
[BlackElo "2277"]

1.d4 Nf6 2.c4 e6 3.Nc3 Bb4 4.Nf3 b6 5.Qb3 c5 6.Bg5 h6 7.Bh4 g5 8.Bg3 Ne4
9.O-O-O Bxc3 10.bxc3 Nc6 11.d5 Na5 12.Qc2 Nxg3 13.hxg3 Qf6 14.dxe6 fxe6 15.e4 g4
16.e5 Qg7 17.Nh4 Qxe5 18.Kb2 Rg8 19.Bd3 Bb7 20.Rhe1 Qf6 21.Nf5 Bxg2 22.Nd6+ Ke7
23.Bf1 Bc6 24.Qh7+ Kf8 25.Re4 Bxe4 26.Nxe4 Qg7 27.Rxd7 Qxh7 28.Rxh7 Rd8 29.Rxh6 Rd1
30.Be2 Re1 31.Bd3 Nxc4+ 32.Kc2 Ne5 33.Rxe6 Nxd3 34.Kxd3 Ra1 35.Kc4 Rxa2 36.Kd5 Rg7
37.Rf6+ Ke7 38.Re6+ Kd7 39.Nf6+ Kc8 40.Ne8 Rd7+ 41.Kc6 Rad2 42.Rg6 Rd8 43.Re6 R2d7
44.Re4 Kb8 45.Re6 Rf7 46.Re2 Rf8 47.Ng7 Rf6+ 48.Kb5 Rf7 49.Ne8 Kb7 50.Re6 a6+
51.Kc4 Rfd7 52.Nf6 Rd6 53.Re7+ Kc6 54.Nxg4 Rd4+ 55.cxd4 Rxd4+ 56.Kc3 Rxg4
57.Re1 a5 58.Rg1 b5 59.f3 b4+ 60.Kb3 Rd4 61.g4 a4+ 62.Kc2 b3+ 63.Kc3 Rf4
64.g5 Rxf3+ 65.Kb2 Rf2+ 66.Ka1 Rf7 67.g6 Rg7 68.Kb2 Kd5 69.Ka3 c4 70.Kxa4 b2
71.Ka3 Rxg6 72.Rd1+ Kc5 73.Kxb2 Kb4 74.Rd8 Rg2+ 75.Kb1 Kc3 76.Rc8 Rg1+ 77.Ka2 Kd3
78.Kb2 Rg2+ 79.Kc1 Kc3 80.Kb1 Rb2+ 81.Kc1 Rb4 82.Ra8 Rb7 83.Ra3+ Kb4 84.Rh3 Rd7
85.Rg3 Ra7 86.Kb2 Rh7 87.Kc2 Rh2+ 88.Kc1  1/2-1/2

[Event "Najdorf Memorial Open"]
[Site "Warsaw POL"]
[Date "2008.08.07"]
[Round "6"]
[White "Socko,M"]
[Black "Gumula,D"]
[Result "1-0"]
[WhiteElo "2473"]
[BlackElo "2277"]

1.d4 Nf6 2.c4 e6 3.Nc3 Bb4 4.Nf3 c5 5.g3 cxd4 6.Nxd4 O-O 7.Bg2 d5 8.Nc2 Bxc3+
9.bxc3 Qa5 10.cxd5 Nxd5 11.O-O Rd8 12.Bd2 Qc7 13.Nb4 Nb6 14.Bf4 Qe7 15.Qc2 a5
16.Nd3 Nd5 17.Bd2 Nc6 18.Rab1 Qc7 19.Qb2 Ra6 20.Qb5 a4 21.Qc4 Ra5 22.Rfd1 Qe7
23.e4 Nf6 24.Be3 Nd7 25.f4 e5 26.Nb4 Nxb4 27.Qxb4 Qxb4 28.cxb4 Ra6 29.Bh3 Rh6
30.Bf5 g6 31.Bb6 gxf5 32.Bxd8 fxe4 33.Rbc1 Rc6 34.b5 Rc5 35.Rxc5 Nxc5 36.Rc1  1-0